La transformation du manioc : (Record no. 16525)

000 -LEADER
fixed length control field 00551nam a2200157 a 4500
020 ## - INTERNATIONAL STANDARD BOOK NUMBER
ISBN 9290280638 :
040 ## - CATALOGING SOURCE
Transcribing agency DLC
082 ## - DEWEY DECIMAL CLASSIFICATION NUMBER
Classification number 633 PRE 1984 A106 Or.
100 1# - MAIN ENTRY--AUTHOR NAME
Personal name Muchnik, José.
245 13 - TITLE STATEMENT
Title La transformation du manioc :
Remainder of title technologies autochtones /
260 ## - PUBLICATION, DISTRIBUTION, ETC. (IMPRINT)
Place of publication Paris :
Name of publisher Agence de coopération culturelle et technique :
-- Conseil international de la langue française :
-- Presses universitaires de France [distributor],
Year of publication c1984.
300 ## - PHYSICAL DESCRIPTION
Number of Pages xv, 172 p. :
Other physical details ill. ;
Dimensions 21 cm.
650 #0 - SUBJECT ADDED ENTRY--TOPICAL TERM
Topical Term Cassava.
700 1# - ADDED ENTRY--PERSONAL NAME
Personal name Vinck, Dominique.
942 ## - ADDED ENTRY ELEMENTS (KOHA)
Koha item type សៀវភៅភាសាអង់គ្លេស
952 ## - LOCATION AND ITEM INFORMATION (KOHA)
Withdrawn status [LOCAL, KOHA] 0
Holdings
Permanent Location Date acquired Koha item type Lost status Shelving location Barcode Current Location Full call number
Library Block A2018-03-05សៀវភៅភាសាអង់គ្លេស A107A23297Library Block A633 PRE 1984 A107 Or.
មជ្ឈមណ្ឌលឯការនៃសាកលវិទ្យាល័យភូមិន្ទកសិកម្មចំការដូង

Powered by Koha